[Event "Feffernitz op 26th"]
[Site "Feffernitz"]
[Date "2017.08.22"]
[Round "4"]
[White "Aliev, Elmir"]
[Black "Keck, Ingolf"]
[Result "0-1"]
[WhiteElo "1368"]
[BlackElo "2064"]
[PlyCount "70"]
[EventDate "2017.08.20"]
[EventType "swiss"]
[EventRounds "9"]
[EventCountry "AUT"]
[SourceTitle "CBM 180 Extra"]
[Source "ChessBase"]
[SourceDate "2017.10.06"]
[SourceVersion "1"]
[SourceVersionDate "2017.10.06"]
[SourceQuality "1"]

1. e4 e6 2. d4 d5 3. exd5 exd5 4. Nf3 Nc6 5. Be3 Bd6 6. c4 Bb4+ 7. Nbd2 Nge7 8. a3 Bxd2+ 9. Qxd2 0-0 10. Rc1 Bg4 11. Be2 dxc4 12. Rxc4 Nd5 13. 0-0 Re8 14. h3 Bh5 15. Rc5 Nce7 16. Ne5 Bxe2 17. Qxe2 f6 18. Nf3 Kh8 19. Qc2 c6 20. Qb3 Qd7 21. Rcc1 Nf5 22. Rfe1 Re6 23. Rcd1 Rae8 24. g4 Nfxe3 25. fxe3 Rxe3 26. Rxe3 Rxe3 27. Rd3 Re7 28. Nd2 Re1+ 29. Kf2 Qe7 30. Kf3 Qe2+ 31. Kg3 Rg1+ 32. Kh4 Qf2+ 33. Rg3 Rxg3 34. Qxb7 Rxh3+ 35. Kxh3 Nf4# 0-1

[Event "Feffernitz op 26th"]
[Site "Feffernitz"]
[Date "2017.08.21"]
[Round "3"]
[White "Perhinig, Robert"]
[Black "Aliev, Elmir"]
[Result "1-0"]
[WhiteElo "2206"]
[BlackElo "1368"]
[PlyCount "83"]
[EventDate "2017.08.20"]
[EventType "swiss"]
[EventRounds "9"]
[EventCountry "AUT"]
[SourceTitle "CBM 180 Extra"]
[Source "ChessBase"]
[SourceDate "2017.10.06"]
[SourceVersion "1"]
[SourceVersionDate "2017.10.06"]
[SourceQuality "1"]

1. d4 Nf6 2. Nf3 g6 3. g3 Bg7 4. Bg2 0-0 5. 0-0 d6 6. c4 c5 7. Nc3 Nfd7 8. d5 Ne5 9. Nxe5 Bxe5 10. Bh6 Re8 11. Qd2 Nd7 12. e4 Nb6 13. b3 Bd7 14. Be3 Qc8 15. f4 Bg7 16. Rae1 Bh3 17. Bxh3 Qxh3 18. e5 Qc8 19. Ne4 Qc7 20. Ng5 h6 21. Ne4 f5 22. Nc3 a6 23. e6 Rf8 24. Qd3 Nc8 25. a4 Qa5 26. Bd2 Qb6 27. Ne2 Qc7 28. g4 b5 29. gxf5 Rxf5 30. Ng3 Bd4+ 31. Be3 Bxe3+ 32. Qxe3 Rf6 33. f5 g5 34. Nh5 Nb6 35. a5 Nxd5 36. cxd5 Qxa5 37. Nxf6+ exf6 38. e7 Re8 39. Qe6+ Kg7 40. Qxd6 c4 41. bxc4 bxc4 42. Qc6 1-0

[Event "Heraklion Gazi op 12th"]
[Site "Malevizi"]
[Date "2016.07.28"]
[Round "1"]
[White "Klokas, Konstantinos"]
[Black "Aliev, Elmir"]
[Result "1-0"]
[WhiteElo "2106"]
[BlackElo "1408"]
[PlyCount "45"]
[EventDate "2016.07.28"]
[EventType "swiss"]
[EventRounds "9"]
[EventCountry "GRE"]
[SourceTitle "CBM 173 Extra"]
[Source "ChessBase"]
[SourceDate "2016.08.29"]
[SourceVersion "1"]
[SourceVersionDate "2016.08.29"]
[SourceQuality "1"]

1. e4 e5 2. Nf3 Nc6 3. d4 exd4 4. Nxd4 Bc5 5. Be3 Qf6 6. c3 Nge7 7. Qd2 Bb6 8. Nb5 Qe5 9. Bxb6 axb6 10. Bd3 Na7 11. f4 Qc5 12. b4 Qc6 13. a4 0-0 14. 0-0 d5 15. exd5 Nxd5 16. Be4 Nxb5 17. axb5 Qxb5 18. Rxa8 Nf6 19. Bf3 c5 20. Na3 Qe8 21. Re1 Qd8 22. Qxd8 Rxd8 23. Bxb7 1-0